| 000 | 01795nam0a2200409 4500 | ||
|---|---|---|---|
| 001 | RU\NLR\BIBL_A\022381955 | ||
| 005 | 20250113131554.0 | ||
| 010 |
_a978-5-17-162794-2 _92000 |
||
| 021 |
_aRU _bКН-П-24-060363 _9КН-П-24-5999 |
||
| 035 | _a(NLR Aleph) 022381955 | ||
| 090 |
_a13330211 _c13330211 |
||
| 100 | _a20241114d2024 k y0rusy50 ca | ||
| 101 | 1 |
_arus _ceng |
|
| 102 | _aRU | ||
| 105 | _aaf z 000zy | ||
| 181 | 0 |
_ai3 _baxxe |
|
| 181 | 0 |
_ab1 _bxb2e |
|
| 182 | 0 | _an | |
| 200 | 1 |
_aВалькирии. Женщины в мире викингов _fЙоханна Катрин Фридриксдоттир _gперевод с английского Александра Быковского |
|
| 203 |
_aТекст _aИзображение _bвизуальные _cнепосредственные |
||
| 210 |
_aМосква _cАСТ, Времена _d2024 |
||
| 215 |
_a318, [1] с., [8] вкл. л. цв. ил., портр. _cил. _d22 |
||
| 225 | 1 | _aСерия "История и наука в деталях" | |
| 320 | _aБиблиогр.: с. 292–319 и в примеч. | ||
| 333 | _a16+ | ||
| 606 | 1 |
_aВикинги _xИстория _92172604 _3RU\NLR\AUTH\661306826 |
|
| 606 | 1 |
_aЖенщины _xИстория _yСкандинавские страны _zСредние века _92465188 _3RU\NLR\AUTH\661464527 |
|
| 606 | 1 |
_aЖенщина _xв литературах скандинавских _zДревний период _92335743 _3RU\NLR\AUTH\661396477 |
|
| 686 | 1 | _aТ3(411)4,02 | |
| 686 | 1 | _aТ3(411)4-297 | |
| 686 | 1 | _aШ5(4Ил)42-341 | |
| 700 | 1 |
_aФриксдоттир _bЙ. К. _gЙоханна Катрин |
|
| 942 | _cBOOK | ||
| 980 | _aNB | ||